Desarrollo Organizacional en la Floristería Rosemary

El tema Desarrollo Organizacional en la Floristería Rosemary se desarrolló utilizando una metodología de planeación estratégica con enfoque sistémico y de análisis organizacional. Incluye diagnóstico interno y externo de la empresa, diagnóstico de la situación de marketing actual, estructu...

Full description

Bibliographic Details
Main Authors: Martínez MunguÍa, Larry Antonio, Villalta López, Cristhin Antonio, Silva López, Byron José
Other Authors: Tutor: Machado Bello, Xiomara Argentina
Format: Tesis Section = Libro
Language:Undetermined
Spanish
Published: Managua UNI 2002
Subjects:
LEADER 01308nam a2200277Ia 4500
008 240830s9999 xx 000 0 und d
040 |a BIBLIOTECA-RUPAP Mon 658.401 M385 
041 |a spa 
082 |a Mon 658.401 M385 
100 1 |a Martínez MunguÍa, Larry Antonio 
100 1 |b  Villalta López, Cristhin Antonio 
100 1 |c  Silva López, Byron José 
245 1 0 |a Desarrollo Organizacional en la Floristería Rosemary 
260 |a Managua  |b UNI  |c 2002 
300 |a 136 p. :il. 
500 |a Contiene: anexos. 
502 |a Tesis (Ingeniero de Sistemas)- UNI, 2002. 
520 3 |a El tema Desarrollo Organizacional en la Floristería Rosemary se desarrolló utilizando una metodología de planeación estratégica con enfoque sistémico y de análisis organizacional. Incluye diagnóstico interno y externo de la empresa, diagnóstico de la situación de marketing actual, estructura organizacional de la empresa, diseño de transformación en los productos, análisis situacional de la empresa y planeación estratégica. 
650 7 |a ADMINISTRACIÓN DE EMPRESAS 
650 7 |b ESTRATEGIAS-POLÍTICAS-PLANES 
650 7 |c COMPETENCIA-EMPRESAS 
650 7 |d MERCADO 
700 1 |a Tutor:  |b Machado Bello, Xiomara Argentina 
942 |c BK  |2 ddc 
991 |a TESIS 
999 |c 17195